<?xml version="1.0" encoding="UTF-8"?>
<record
    xmlns:xsi="http://www.w3.org/2001/XMLSchema-instance"
    xsi:schemaLocation="http://www.loc.gov/MARC21/slim http://www.loc.gov/standards/marcxml/schema/MARC21slim.xsd"
    xmlns="http://www.loc.gov/MARC21/slim">

  <leader>00708na  a2200253   4500</leader>
  <controlfield tag="001">24385</controlfield>
  <controlfield tag="003">MIRAKIL</controlfield>
  <controlfield tag="005">20181226104237.0</controlfield>
  <controlfield tag="008">180928b        tu            000 0      </controlfield>
  <datafield tag="041" ind1=" " ind2=" ">
    <subfield code="a">tur</subfield>
  </datafield>
  <datafield tag="082" ind1=" " ind2=" ">
    <subfield code="a">823.5</subfield>
    <subfield code="b">M25&#xE7; 1985</subfield>
  </datafield>
  <datafield tag="090" ind1=" " ind2=" ">
    <subfield code="a">823.5 M25&#xE7; 1985</subfield>
  </datafield>
  <datafield tag="100" ind1=" " ind2=" ">
    <subfield code="a">Mailer, Norman</subfield>
  </datafield>
  <datafield tag="245" ind1=" " ind2=" ">
    <subfield code="a">&#xC7;&#x131;plak ve &#xF6;l&#xFC; </subfield>
    <subfield code="c">Norman Mailer ; &#xE7;eviren Rasih G&#xFC;ran</subfield>
  </datafield>
  <datafield tag="250" ind1=" " ind2=" ">
    <subfield code="a">3. bs.</subfield>
  </datafield>
  <datafield tag="260" ind1=" " ind2=" ">
    <subfield code="a">&#x130;stanbul</subfield>
    <subfield code="b">Can Yay&#x131;nlar&#x131;</subfield>
    <subfield code="c">1985</subfield>
  </datafield>
  <datafield tag="300" ind1=" " ind2=" ">
    <subfield code="a">748 s.</subfield>
    <subfield code="c">19 sm.</subfield>
  </datafield>
  <datafield tag="440" ind1=" " ind2=" ">
    <subfield code="a">B&#xFC;y&#xFC;k d&#xFC;nya klasikleri</subfield>
  </datafield>
  <datafield tag="500" ind1=" " ind2=" ">
    <subfield code="a">Eserin &#xF6;zg&#xFC;n ad&#x131;:"The naked and the dead"</subfield>
  </datafield>
  <datafield tag="650" ind1=" " ind2=" ">
    <subfield code="a">&#x130;ngiliz edebiyat&#x131;</subfield>
    <subfield code="x">Roman</subfield>
  </datafield>
  <datafield tag="700" ind1=" " ind2=" ">
    <subfield code="a">G&#xFC;ran, Rasih</subfield>
  </datafield>
  <datafield tag="942" ind1=" " ind2=" ">
    <subfield code="2">ddc</subfield>
    <subfield code="c">BKS</subfield>
  </datafield>
  <datafield tag="040" ind1=" " ind2=" ">
    <subfield code="a">Milas</subfield>
    <subfield code="b">tur</subfield>
    <subfield code="c">TR-AnCHP</subfield>
  </datafield>
  <datafield tag="952" ind1=" " ind2=" ">
    <subfield code="5">0</subfield>
    <subfield code="a">0002</subfield>
    <subfield code="b">0002</subfield>
    <subfield code="d">2018-09-28</subfield>
    <subfield code="l">0</subfield>
    <subfield code="o">823.5 M25&#xE7; 1985</subfield>
    <subfield code="p">P00148</subfield>
    <subfield code="r">2018-09-28 00:00:00</subfield>
    <subfield code="v">0.00</subfield>
    <subfield code="w">2018-09-28</subfield>
    <subfield code="x"> </subfield>
    <subfield code="y">BKS</subfield>
  </datafield>
  <datafield tag="999" ind1=" " ind2=" ">
    <subfield code="c">11900</subfield>
    <subfield code="d">11900</subfield>
  </datafield>
</record>
